000
00253nam a22001217a 4500
008
170503b xxu||||| |||| 00| 0 eng d
041
_a
eng
080
_a
347
100
_a
13
101
_a
SHJ
245
_a
THE CIVIL WAR
_c
FLATO.CH
942
_2
udc
_c
BK
999
_c
12548
_d
12548